| 000 | 00697nam a2200241 a 4500 | ||
|---|---|---|---|
| 005 | 20140310183539.0 | ||
| 008 | 111027s19uu xx 00 eng d | ||
| 020 | _a0137129904 | ||
| 050 |
_aT 56 _b.R544 2009 |
||
| 100 | _aRender, Barry | ||
| 245 |
_aQuantitative analysis for management / _cBarry Render, Ralph M. Stair, Michael E. Hanna. |
||
| 250 | _a10th ed. | ||
| 260 |
_aNew Jersey : _bPearson Education, _c2009. |
||
| 300 |
_a768 p. : _bill. col. ; _c27 cm. |
||
| 500 | _aIncludes CD | ||
| 521 | _aBSBA | ||
| 650 | _aManagement science | ||
| 650 | _aOperations research | ||
| 700 | _aStair, Ralph M. | ||
| 700 | _aHanna, Michael E. | ||
| 942 |
_cBK _2lcc _kFOR |
||
| 999 |
_c24766 _d24766 |
||